00564nam a2200205 a 4500001001300000003000900013005001700022008004100039020001000080082001800090100002700108245004800135260003500183300000900218500003500227505002600262650001800288650002500306700002700331nice12345678IN_TiNIC20260116013537.0050524s1998 dela grp 000 0 eng  ac50000a954.023bNIZ1 aNizami, Tajuddin Hasan aTaj Ul Mathirb the Crown of Glorious Deeds aDelhibSaud Ahmed Delhvic1998 a354p aincludes index and biblioraphy2 aIndex of proper names aIndia-History aHistoriography-India1 aNizami, Tajuddin Hasan